Política colonial entre las Antillas españolas y la Metrópoli, y medios de facilitar el desarrollo de su comercio y de su industria / (Record no. 161909)
[ view plain ]
| 000 -LEADER | |
|---|---|
| campo de control de longitud fija | 01320nam a22002535i 4500 |
| 001 - NÚMERO DE CONTROL | |
| campo de control | 161909 |
| 003 - IDENTIFICADOR DE NÚMERO DE CONTROL | |
| campo de control | ES-MaACL |
| 005 - FECHA Y HORA DE LA ÚLTIMA TRANSACCIÓN | |
| campo de control | 20230906212400.0 |
| 008 - DATOS DE LONGITUD FIJA--INFORMACIÓN GENERAL | |
| campo de control de longitud fija | 041028s1892 sp |||| | spa d |
| 100 1# - ENTRADA PRINCIPAL--NOMBRE DE PERSONA | |
| Nombre de persona | Perez Requeijo, Ramón. |
| 9 (RLIN) | 131013 |
| 245 10 - MENCIÓN DEL TÍTULO | |
| Título | Política colonial entre las Antillas españolas y la Metrópoli, y medios de facilitar el desarrollo de su comercio y de su industria / |
| Mención de responsabilidad, etc. | [Ramón Pérez Requeijo y Manuel Ortiz Pinedo]. |
| 260 ## - PUBLICACIÓN, DISTRIBUCIÓN, ETC. | |
| Lugar de publicación, distribución, etc. | Madrid : |
| Nombre del editor, distribuidor, etc. | [s.n.], |
| Fecha de publicación, distribución, etc. | 1892 ( |
| Fabricante | Estab. Tip. de "El Liberal") |
| 300 ## - DESCRIPCIÓN FÍSICA | |
| Extensión | 13 p., [1] h. ; |
| Dimensiones | 24 cm. |
| 594 ## - Nota al título y mención de responsabilidad | |
| Nota al título y mención de responsabilidad | Autores tomado de fin de texto. |
| 594 ## - Nota al título y mención de responsabilidad | |
| Nota al título y mención de responsabilidad | Precede al tít.: "Círculo de la Unión Mercantil e Industrial. Congreso Mercantil Hispano-americano-portugués. Ponencia. Tema 6º" |
| 651 #4 - PUNTO DE ACCESO ADICIONAL DE MATERIA--NOMBRE GEOGRÁFICO | |
| Nombre geográfico | España- |
| Subdivisión general | Comercio exterior- |
| Subdivisión geográfica | Cuba. |
| 9 (RLIN) | 170190 |
| 651 #4 - PUNTO DE ACCESO ADICIONAL DE MATERIA--NOMBRE GEOGRÁFICO | |
| Nombre geográfico | Cuba- |
| Subdivisión general | Comercio exterior- |
| Subdivisión geográfica | España. |
| 9 (RLIN) | 153709 |
| 651 #4 - PUNTO DE ACCESO ADICIONAL DE MATERIA--NOMBRE GEOGRÁFICO | |
| Nombre geográfico | España- |
| Subdivisión general | Comercio exterior- |
| Subdivisión geográfica | Puerto Rico. |
| 9 (RLIN) | 170191 |
| 651 #4 - PUNTO DE ACCESO ADICIONAL DE MATERIA--NOMBRE GEOGRÁFICO | |
| Nombre geográfico | Puerto Rico- |
| Subdivisión general | Comercio exterior- |
| Subdivisión geográfica | España. |
| 9 (RLIN) | 153710 |
| 700 1# - ENTRADA AGREGADA--NOMBRE PERSONAL | |
| Nombre de persona | Ortíz de Pinedo, Manuel. |
| 9 (RLIN) | 87604 |
| 710 2# - ENTRADA AGREGADA--NOMBRE DE ENTIDAD CORPORATIVA | |
| Nombre de entidad corporativa o nombre de jurisdicción como elemento de entrada | Círculo de la Unión Mercantil e Industrial (Madrid) |
| 9 (RLIN) | 2827 |
| 711 2# - ENTRADA AGREGADA--NOMBRE DE REUNIÓN | |
| Nombre de congreso/reunión o jurisdicción como elemento de entrada | Congreso Mercantil Hispano-Americano-Portugués ( |
| Fecha del congreso o de la firma del tratado | 1892. |
| Sede del congreso/Lugar de la reunión | Madrid) |
| 9 (RLIN) | 502 |
| 852 ## - LOCALIZACIÓN | |
| Ubicación | ES-MaACL |
| Número de control de estantería | T-804-F-7 |
| Nota libre | - Enc. hol., conservando cub. original |
| -- | - Enc. en un vol. facticio |
| Estatus retirado | Estado de pérdida | Estado de daño | No para préstamo | Colección | Biblioteca de origen | Biblioteca actual | Ubicación en estantería | Fecha de adquisición | Total de préstamos | Signatura topográfica completa | Código de barras | Visto por última vez | Precio de reemplazo | Tipo de ítem Koha |
|---|---|---|---|---|---|---|---|---|---|---|---|---|---|---|
| Colección de folletos | Biblioteca del Ateneo de Madrid | Biblioteca del Ateneo de Madrid | Depósito folletos | 17/01/2008 | T-804-F-7 | 1169602 | 23/02/2023 | 23/02/2023 | Folleto |
